Normal view MARC view

Entry Personal Name

Number of records used in: 1

001 - CONTROL NUMBER

  • control field: 167751

003 - CONTROL NUMBER IDENTIFIER

  • control field: OSt

005 - DATE AND TIME OF LATEST TRANSACTION

  • control field: 20220923224029.0

008 - FIXED-LENGTH DATA ELEMENTS

  • fixed length control field: 220923|| aca||aabn | a|a d

040 ## - CATALOGING SOURCE

  • Original cataloging agency: OSt
  • Transcribing agency: OSt

100 ## - HEADING--PERSONAL NAME

  • Personal name: हॉर्टन, माइल्स; फ्रेरे, पाओलो; बेल, ब्रेंडा, संपा

670 ## - SOURCE DATA FOUND

  • Source citation: Work cat.: (OSt)368756: हॉर्टन, माइल्स; फ्रेरे, पाओलो; बेल, ब्रेंडा, संपा., चलकर राह बनाते हम, 2003
Copyright @ Delhi University Library System